000 00386nam a2200157Ia 4500
008 230711s9999||||xx |||||||||||||| ||und||
041 _aENG
082 _a510
_bBA-E
100 _aBali,N.P
245 2 _aA textbook of engineering Mathematics II
250 _a8th Ed.
260 _c2013
_aNew Delhi
_bLaxmi Publications(P) Ltd
300 _a444p.
650 _aMathematics
942 _cBK
999 _c5618
_d5618